The business of creativity : (Record no. 12833)

000 -LEADER
fixed length control field 01529cam a2200229 i 4500
003 - CONTROL NUMBER IDENTIFIER
control field OSt
005 - DATE AND TIME OF LATEST TRANSACTION
control field 20240802151502.0
008 - FIXED-LENGTH DATA ELEMENTS--GENERAL INFORMATION
fixed length control field 160815s2017 nyua 000 0 eng
020 ## - INTERNATIONAL STANDARD BOOK NUMBER
International Standard Book Number 9781616893941 (hardback)
042 ## - AUTHENTICATION CODE
Authentication code pcc
082 00 - DEWEY DECIMAL CLASSIFICATION NUMBER
Classification number 658.4/022
Edition number 23
084 ## - OTHER CLASSIFICATION NUMBER
Classification number DES012000
-- BUS000000
Source of number bisacsh
100 1# - MAIN ENTRY--PERSONAL NAME
Personal name Granet, Keith,
Dates associated with a name 1956-
Relator term author.
245 14 - TITLE STATEMENT
Title The business of creativity :
Remainder of title how to build the right team for success /
Statement of responsibility, etc Keith Granet.
300 ## - PHYSICAL DESCRIPTION
Extent 190 pages :
Other physical details illustrations ;
Dimensions 26 cm
520 ## - SUMMARY, ETC.
Summary, etc "Long known as the go-to management consultant of the design world, Keith Granet reveals more of his clear-eyed insights about running a creative business in this follow-up to his book The Business of Design. While aimed at creative enterprises, Granet's advice, quickly summarized as "know what you do best and focus on that," applies to any organization, small or large, commercial or nonprofit. He delves into the skill sets and people needed to grow a business, as well as the things you don't need (bad clients, bad employees, negative energy), in an engaging and easy-to-implement manner. His shrewd understanding, gleaned from decades of consulting for brands like Harrods, Pantone, John Varvatos, and Urban Archeology, makes this essential reading for anyone managing a business or thinking of starting one"--
650 #0 - SUBJECT ADDED ENTRY--TOPICAL TERM
Topical term or geographic name as entry element Creative ability in business.
650 #0 - SUBJECT ADDED ENTRY--TOPICAL TERM
Topical term or geographic name as entry element Business planning.
650 #7 - SUBJECT ADDED ENTRY--TOPICAL TERM
Topical term or geographic name as entry element DESIGN / Reference.
Source of heading or term bisacsh
650 #7 - SUBJECT ADDED ENTRY--TOPICAL TERM
Topical term or geographic name as entry element BUSINESS & ECONOMICS / General.
Source of heading or term bisacsh
942 ## - ADDED ENTRY ELEMENTS (KOHA)
Source of classification or shelving scheme
Holdings
Withdrawn status Lost status Source of classification or shelving scheme Damaged status Koha normalized classification for sorting Not for loan Permanent location Current location Date acquired Source of acquisition Cost, normal purchase price Full call number Barcode Date last seen Cost, replacement price Price effective from Koha item type
        658_400000000000000_022   BMS College of Architecture, Design and Planning BMS College of Architecture, Design and Planning 2024-08-02 1 2589.00 658.4/022 AR-UG4057 2024-08-02 3452.00 2024-08-02 B.Design
        658_400000000000000_022   BMS College of Architecture, Design and Planning BMS College of Architecture, Design and Planning 2024-08-02 1 2589.00 658.4/022 AR-UG4058 2024-08-02 3452.00 2024-08-02 B.Design
Copyright © 2025, The Librarian, Library and Information Centre, BMSCA D&P, Bengaluru. All Rights Reserved
web counter

Powered by Koha